A practical guide to civil procedure in Ghana / (Record no. 6091)
[ view plain ]
| 000 -LEADER | |
|---|---|
| fixed length control field | 01162cam a22001575i 4500 |
| 020 ## - INTERNATIONAL STANDARD BOOK NUMBER | |
| ISBN | 9789964632541 |
| 050 ## - CALL NUMBER | |
| Classification number | KRX3570 .M34 |
| 100 1# - AUTHOR | |
| Personal name | Marful-Sau, Samuel, |
| 245 12 - TITLE | |
| Title | A practical guide to civil procedure in Ghana / |
| Statement of responsibility, etc | Samuel Marful-Sau. |
| 260 ## - PUBLICATION INFORMATION | |
| Place of publication | Accra |
| Name of publisher | Adwinsa Publications Ltd |
| Year of publication | 2017 |
| 300 ## - DESCRIPTION | |
| Number of Pages | xxvii, 235 pages ; |
| Dimensions | 22 cm |
| 500 ## - NOTES | |
| General note | Includes index. |
| 505 ## - FORMATTED CONTENTS NOTE | |
| Table of Content | Structure of courts in Ghana. What is civil procedure. Commencement of a civil action. Appearance - order 9 of CI 47. Pleading - order 11 of CI 47. Amendments - order 16. Joinder of causes of action and parties. Admissions, discontinuance, discovery and inspection and interrogatories. Affidavits, applications, summary judgment and application for directions. Trials - order 33, 34, 36 and 38 of CI 47 as amended by CI 87. Enforcement of judgments. Appeals and application for review. Probate and administration of estate - order 66. Matrimonial causes - order 65 of CI 47. Application for judicial review and third party proceedings. Adjudication of election disputes. Application of witness statements in civil proceedings. |
| 650 ## - SUBJECTS | |
| Topical Term | Civil procedure--Ghana. |
| 942 ## - ADDED ENTRY ELEMENTS (KOHA) | |
| Koha item type | Books |
| Withdrawn status | Lost status | Collection code | Home library | Current library | Shelving location | Date acquired | Full call number | Accession Number | Koha item type |
|---|---|---|---|---|---|---|---|---|---|
| Reference | Methodist University Law Library | Methodist University Law Library | General Stacks | KRX3570 .M34 | 8027 | Books | |||
| Reference | Methodist University Law Library | Methodist University Law Library | General Stacks | KRX3570 .M34 | 8028 | Books |